00288nam a2200097Ia 4500001000800000005001700008008004100025020001800066245008400084260002200168125922520260417140307.0260417s9999 xx 000 0 und d a9786257432368 0aBir Müslüman Kadın Sorunu ve Feminizm’e Nasıl Bakmalı?cAyşe Güç bBeyan Yayınları